Nommer les pays alpins - Sudden Death - Statistiques

Statistiques générales
  • Ce quiz a été pris 157 fois
  • Le résultat moyen est 5 sur 8
Answers on the Grid
Answers color-coded by a green-red scale on the quiz's grid according to % correct below.
République tchèque
Italie
Monaco
Saint-Marin
Allemagne
Andorre
Slovaquie
France
Autriche
Liechtenstein
Roumanie
Croatie
Slovénie
Suisse
 
Statistiques - réponses
Réponse % Correct
Italie
95%
France
88%
Suisse
77%
Autriche
72%
Liechtenstein
63%
Allemagne
58%
Slovénie
42%
Monaco
26%
Aucun quiz correspondant
Distribution des résultats
% des personnes avec chaque résultat
Percentile par nombre de réponses
Votre historique - résultats
Vous n’avez pas pris ce quiz